Poder, sociedad y administración de justicia en la América Hispánica : (siglos XVI-XIX). Volumen II /
Kaydedildi:
| Müşterek Yazar: | |
|---|---|
| Diğer Yazarlar: | , , |
| Materyal Türü: | Elektronik Konferans Sunumu Ekitap |
| Dil: | İspanyolca |
| Baskı/Yayın Bilgisi: |
[San Vicente del Raspeig, Alicante] :
Instituto Internacional de Historia del Derecho Indiano,
[2021]
|
| Konular: | |
| Online Erişim: | Digitalia Hispánica |
| Etiketler: |
Etiketle
Etiket eklenmemiş, İlk siz ekleyin!
|
MARC
| LEADER | 00000nam a2200000Ii 4500 | ||
|---|---|---|---|
| 001 | DIGDYK2058 | ||
| 003 | NyNyDIG | ||
| 006 | m o d | ||
| 007 | cr ||||||||||| | ||
| 008 | 220512s2021 sp ob 100 0 spa d | ||
| 035 | |a (OCoLC)1335133827 | ||
| 040 | |a DGITA |b eng |e rda |e pn |c DGITA | ||
| 020 | |z 9788413774268 | ||
| 041 | 0 | |a spa |b spa |b eng | |
| 043 | |a cl----- | ||
| 050 | 1 | 4 | |a KG481.A6 ebook |
| 082 | 0 | 4 | |a 340 |
| 245 | 0 | 0 | |a Poder, sociedad y administración de justicia en la América Hispánica : |b (siglos XVI-XIX). |p Volumen II / |c Manuel Torres Aguilar, Miguel Pino Abad, Carmen Losa Contreras, (coordinadores) |
| 264 | 1 | |a [San Vicente del Raspeig, Alicante] : |b Instituto Internacional de Historia del Derecho Indiano, |c [2021] | |
| 300 | |a 1 online resource. | ||
| 336 | |a text |b txt |2 rdacontent | ||
| 337 | |a computer |b c |2 rdamedia | ||
| 338 | |a online resource |b cr |2 rdacarrier | ||
| 347 | |a text file |2 rdaft | ||
| 347 | |b PDF | ||
| 500 | |a "Unesco, Organización de las Naciones Unidas para la Educación, la Ciencia y la Cultura"--Cover. | ||
| 500 | |a "uniTwin"--Cover. | ||
| 500 | |a "Unesco, Cátedra Unesco de Resolución de conflictos"--Cover. | ||
| 504 | |a Includes bibliographical references. | ||
| 546 | |a Text in Spanish with abstract in Spanish and English. | ||
| 588 | 0 | |a Online resource; title from PDF title page (Digitalia, viewed May 12, 2022) | |
| 650 | 0 | |a Indians |x Legal status, laws, etc. |x History |v Congresses. | |
| 651 | 0 | |a Latin America |x Indians |x History |v Congresses. | |
| 655 | 0 | |a Electronic books. | |
| 700 | 1 | |a Torres Aguilar, Manuel, |e editor. | |
| 700 | 1 | |a Pino Abad, Miguel, |e editor. | |
| 700 | 1 | |a Losa Contreras, Carmen, |e editor. | |
| 711 | 2 | |a Congreso del Instituto Internacional de Historia del Derecho Indiano |n (20th : |d 2019 : |c La Rábida, España) | |
| 791 | 2 | |a Digitalia (Firm), |e distributor. | |
| 793 | 0 | |g Digitalia eBook Collection: |a Dykinson Editorial | |
| 776 | 0 | 8 | |i Print version: |t Poder, sociedad y administración de justicia en la América Hispánica. |d [San Vicente del Raspeig, Alicante] : Instituto Internacional de Historia del Derecho Indiano, [2021] |z 9788413774268 |
| 856 | 4 | 0 | |3 Digitalia Hispánica |u https://digitalia.unach.elogim.com/a/100793/ |
| 910 | |a Premium collection: 2022 | ||